FIFA Club World Cup 2016 final Starting XI - Statistics

General Stats
  • This quiz has been taken 15 times
  • The average score is 12 of 22
Answer Stats
Answer % Correct
πŸ‡§πŸ‡· 14 Casemiro
100%
πŸ‡΅πŸ‡Ή 7 Cristiano Ronaldo
100%
πŸ‡ͺπŸ‡Έ 2 Daniel Carvajal
100%
πŸ‡«πŸ‡· 9 Karim Benzema
100%
πŸ‡¨πŸ‡· 1 Keylor Navas
100%
πŸ‡­πŸ‡· 19 Luka Modric
100%
πŸ‡§πŸ‡· 12 Marcelo
100%
πŸ‡«πŸ‡· 5 Raphael Varane
100%
πŸ‡ͺπŸ‡Έ 4 Sergio Ramos
100%
πŸ‡©πŸ‡ͺ 8 Toni Kroos
100%
πŸ‡ͺπŸ‡Έ 17 Lucas vazquez
60%
πŸ‡―πŸ‡΅ 10 Gaku Shibasaki
20%
πŸ‡―πŸ‡΅ 25 Yasushi Endo
20%
πŸ‡―πŸ‡΅ 22 Daigo Nishi
13%
πŸ‡―πŸ‡΅ 3 Gen Shoji
13%
πŸ‡―πŸ‡΅ 21 Hitoshi Sogahata
13%
πŸ‡―πŸ‡΅ 40 Mitsuo Ogasawara
13%
πŸ‡―πŸ‡΅ 33 Muu Kanazaki
13%
πŸ‡―πŸ‡΅ 23 Naomichi Ueda
13%
πŸ‡―πŸ‡΅ 6 Ryota Nagaki
13%
πŸ‡―πŸ‡΅ 16 Shuto Yamamoto
13%
πŸ‡―πŸ‡΅ 8 Syoma doi
13%
No matching quizzes found
Score Distribution
Percent of People with Each Score
Percentile by Number Answered
Your Score History
You have not taken this quiz